000 00620nam a2200241 i 4500
001 C2-0116586
003 PPAK
005 20180727105932.0
008 970720s1986 enk |||| ||||| | eng d
020 _a0370305353
040 _aPPAK
_beng
_cPPAK
_erda
082 0 4 _a355.00947
_223
090 0 0 _a355.00947
_bSEA
_dG
100 1 _aSeaton, Albert,
_eauthor
245 1 4 _aThe Soviet army
264 1 _aLondon :
_bThe Bodley Head ,
_c1986
300 _axv, 292 pages ;
_c23 cm
336 _2rdacontent
_atext
337 _2rdamedia
_aunmediated
338 _2rdacarrier
_avolume
700 _eauthor
942 _ddc
_cB
999 _c30735
_d30735